Antología de Emilio Rabasa / (Record no. 3147)

MARC details
000 -CABECERA
campo de control de longitud fija 00622nam a2200193 a 4500
005 - FECHA Y HORA DE LA ÚLTIMA TRANSACCIÓN
campo de control 20240806063835.0
008 - ELEMENTOS DE LONGITUD FIJA--INFORMACIÓN GENERAL
campo de control de longitud fija 991125s1969 mx 000 0 spa u
035 ## - NÚMERO DE CONTROL DEL SISTEMA
Número de control de sistema UPN01000003147
049 ## - COLECCIÓN
Colección SEP
050 #4 - SIGNATURA TOPOGRÁFICA DE LA BIBLIOTECA DEL CONGRESO
Número de clasificación PQ7297 R2
Número de documento/Ítem A5
245 00 - MENCIÓN DE TÍTULO
Título Antología de Emilio Rabasa /
Mención de responsabilidad, etc. biog. y selec. de Andrés Serra Rojas.
260 ## - PUBLICACIÓN, DISTRIBUCIÓN, ETC.
Lugar de publicación, distribución, etc. México :
Nombre del editor, distribuidor, etc. Oasis,
Fecha de publicación, distribución, etc. 1969.
300 ## - DESCRIPCIÓN FÍSICA
Extensión 2 v.
440 #0 - MENCIÓN DE SERIE/ASIENTO SECUNDARIO--TÍTULO
Título Pensamiento de América.
Nombre de parte o sección de la obra Segunda serie ;
Designación de volumen o secuencia 17
600 14 - ASIENTO SECUNDARIO DE MATERIA - NOMBRE PERSONAL
Nombre de persona RABASA, EMILIO,
Fechas asociadas al nombre 1856-1930 -
Subdivisión general CRITICA E INTERPRETACION
650 #4 - ASIENTO SECUNDARIO DE MATERIA - TERMINO TEMATICO
Término de materia o nombre geográfico como elemento de entrada Literatura mexicana
9 (RLIN) 4466
700 1# - ASIENTO SECUNDARIO--NOMBRE DE PERSONAL
Nombre de persona Serra Rojas, Andrés,
Fechas asociadas al nombre n. 1907
Término indicativo de función/relación comp.
9 (RLIN) 30003
905 ## - TIPO DE MATERIAL
Tipo de material Libro
Holdings
Estado de retiro Estado de pérdida Fuente del sistema de clasificación o colocación Estado dañado No para préstamo Código de colección Localización permanente Ubicación/localización actual Ubicación en estantería Fecha de adquisición Enumeración/cronología de publicación seriada Clasificación Código de barras Fecha visto por última vez Número de copia Tipo de ítem Koha Total de préstamos
    Library of Congress Classification     Colección General Bib. Gregorio Torres Quintero Bib. Gregorio Torres Quintero Planta baja 09/05/2023 v.1 PQ7297 R2 A5 44668 31/12/2020 1 Libro  
    Library of Congress Classification     Colección General Bib. Gregorio Torres Quintero Bib. Gregorio Torres Quintero Planta baja   v.1 PQ7297 R2 A5 30639 31/12/2020 1 Libro 1